| 000 | 00404 a2200169 4500 | ||
|---|---|---|---|
| 003 | Nust | ||
| 005 | 20230525121403.0 | ||
| 040 | _cNust | ||
| 082 | _a823,BUC | ||
| 100 |
_aS. Buck, Pearl _9112589 |
||
| 245 |
_aThe patriot _cPearl S. Buck |
||
| 260 |
_aLondon _bMethuen & Co Ltd _c1939 |
||
| 300 |
_a371 p _billus _c18 cm |
||
| 600 |
_aS. Buck, Pearl _9112589 |
||
| 650 |
_aNovel _92525 |
||
| 942 |
_2ddc _cBK |
||
| 999 |
_c186750 _d186750 |
||